Entry Nombre personal
001 - NÚMERO DE CONTROL
- campo de control: 127878
003 - IDENTIFICADOR DE NÚMERO DE CONTROL
- campo de control: SpMaBN
005 - FECHA Y HORA DE LA ÚLTIMA TRANSACCIÓN
- campo de control: 20250801203841.0
008 - ELEMENTOS DE DATO DE LONGITUD-FIJA
- campo de control de longitud fija: 920725nn aijnnaabn n aaa
016 ## - NÚMERO DE CONTROL DE UNA AGENCIA BIBLIOGRÁFICA NACIONAL
- Número de control del registro: BNE19983544758
024 7# - IDENTIFICADOR DE OTROS ESTÁNDARES
- Número estándar o código: http://viaf.org/viaf/87071930/
- Fuente: viaf
040 ## - FUENTE DE CATALOGACIÓN
- Centro catalogador/agencia de origen: SpMaBN
- Lengua de catalogación: spa
- Centro/agencia transcriptor: SpMaBN
- Normas de descripción: rdc
- Convención/Normas de encabezamiento de materia/tesauro: embne
046 ## - FECHAS CON CODIFICACIÓN ESPECIAL
- Fecha de nacimiento: 1832
- Fecha de la muerte: 1912
100 1# - ENCABEZAMIENTO-NOMBRE DE PERSONA
- Nombre de persona: Heredia, Narciso de Heredia,
- Títulos y otros términos asociados al nombre: Marqués de,
- Fechas asociadas al nombre: 1832-1912
400 1# - TRAZADO DE VÉASE--NOMBRE DE PERSONA
- Nombre de persona: Heredia y Heredia, Narciso de,
- Fechas asociadas al nombre: 1832-1912
670 ## - FUENTE DE DATOS ENCONTRADOS
- Cita de la fuente: Espasa
- Información encontrada: (Heredia y Heredia, Narciso de; escritor y político español, segundo marqués de Heredia; n. en París en 1832 y m. en Madrid en 1912)
